Estadísticas para Países dónde se pueden votar las primarias 2021 Chile

Haz click aquí para tomar la prueba!

Estadísticas generales

  • Esta prueba ha sido tomada 17 veces
  • La puntuación promedio es 34 de 64

Estadísticas de respuestas

ContinentePaís% Correcto
AméricaArgentina
85%
AméricaBolivia
85%
AméricaBrasil
85%
AméricaCanadá
85%
AméricaCosta Rica
85%
AméricaEcuador
85%
AméricaEstados Unidos
85%
AméricaHonduras
85%
AméricaNicaragua
85%
AméricaPanamá
85%
AméricaVenezuela
85%
AméricaChile
77%
AméricaColombia
77%
EuropaEspaña
77%
EuropaFrancia
77%
AsiaJapón
77%
AméricaParaguay
77%
EuropaPortugal
77%
EuropaRusia
77%
AméricaUruguay
77%
AméricaCuba
69%
AméricaEl Salvador
69%
AméricaHaití
62%
EuropaItalia
62%
AméricaMéxico
62%
AméricaPerú
62%
EuropaPolonia
62%
AsiaR.P. China
62%
ÁfricaSudáfrica
62%
OceaníaAustralia
54%
ÁfricaEgipto
54%
AméricaGuatemala
54%
AsiaIndia
54%
OceaníaNueva Zelanda
54%
EuropaReino Unido
54%
AméricaRepública Dominicana
54%
Europa/AsiaTurquía
54%
EuropaGrecia
46%
EuropaAustria
38%
EuropaBélgica
38%
AsiaCorea del Sur
38%
EuropaCroacia
38%
AsiaIndonesia
38%
EuropaIrlanda
38%
AsiaMalasia
38%
EuropaPaíses Bajos
38%
EuropaRumania
38%
AsiaVietnam
38%
EuropaAlemania
31%
EuropaDinamarca
31%
EuropaFinlandia
31%
ÁfricaKenia
31%
EuropaNoruega
31%
EuropaRepública Checa
31%
AsiaSingapur
31%
EuropaSuecia
31%
EuropaSuiza
31%
EuropaHungría
23%
AsiaTailandia
23%
AsiaJordania
15%
AsiaEmiratos Árabes Unidos
8%
AsiaFilipinas
8%
AsiaIsrael
8%
AsiaLíbano
8%

Distribución de puntuación

Porcentaje por número respondido

Porcentaje de gente con cada puntuación

Historial de tus puntuaciones

No has tomado esta prueba